| 000 | 00903nam a22002897a 4500 | ||
|---|---|---|---|
| 001 | 5510 | ||
| 003 | FISKH | ||
| 005 | 20241213145009.0 | ||
| 008 | 241213b cb ||||| |||| 00| 0 eng d | ||
| 020 | _a9780545627498 | ||
| 040 |
_aFISKH _beng _cFISKH _dFISKH |
||
| 050 | _aSH351.C5 | ||
| 082 | _a639.2 | ||
| 100 | _aKurlansky, Mark | ||
| 245 |
_aThe cod's tale / _cby Mark Kurlansky : illustrated by S.D . Schindler |
||
| 260 |
_aNew York : _bScholastic ; _c2001. |
||
| 300 |
_a43 pages : _bcolor illustrations , maps ; _c24 cm . |
||
| 505 | _aZ | ||
| 520 | _aDescribes the Atlantic cod fish and how it has been fished throughout history to near extinction. | ||
| 521 | 8 |
_a1050
_bLexile |
|
| 521 | 8 |
_aZ
_bRaz-Plus |
|
| 650 |
_afishing _vNon-fiction |
||
| 650 |
_afood history _vNon-fiction |
||
| 700 |
_aSchindler, S.D. _eillustrator |
||
| 942 |
_2ddc _cBK _n0 |
||
| 999 |
_c5510 _d5510 |
||